000 00515nam a2200157 i 4500
001 70916
003 ES-MaACL
005 20230906170950.0
007 t|
008 040804s1952 sp ||||1| spa d
100 1 _aGarrut, Josep María.
_955789
245 1 0 _aItinerarios de Piedad en Barcelona /
_cJosep M. Garrut ; presentación de M. Trens.
260 _aBarcelona :
_bAymá,
_c[1952] (
_fAleu y Domingo)
300 _a228 p., 105 lám. :
_bil. ;
_c18 cm +
_e10 plan. pleg.
852 _aES-MaACL
_jD-8335
_bR.32742
999 _c70916
_d70916